Theorizing digital divides /

Disimpan dalam:
Butiran Bibliografi
Pengarang-pengarang Utama: Ragnedda, Massimo, 1976- (Author), Muschert, Glenn W., (Author)
Format: Buku
Bahasa:English
Diterbitkan: Abingdon, Oxon ; New York, NY : Routledge, an imprint of the Taylor & Francis Group, 2018.
Siri:Routledge advances in sociology.
Subjek-subjek:
Penanda-penanda: Tambah Penanda
Tiada Penanda, Jadilah orang pertama menanda rekod ini!
LEADER 01290cam a2200373 i 4500
001 13011986
005 20180124132450.0
008 170810s2018 enk b 001 0 eng
010 |a  2017020751 
020 |a 9781138210400  |q hardback 
020 |a 1138210404  |q hardback 
020 |z 9781315455334  |q electronic book 
024 |a 40027641497 
035 |a (OCoLC)ocn990443000 
035 |a (OCoLC)990443000 
035 |a (NNC)13011986 
040 |a DLC  |b eng  |e rda  |c DLC  |d YDX  |d OCLCO  |d OCLCF  |d YDX 
042 |a pcc 
050 0 0 |a HM851  |b .R353 2018 
082 0 0 |a 303.48/33  |2 23 
100 1 |a Ragnedda, Massimo,  |d 1976-  |e author. 
245 1 0 |a Theorizing digital divides /  |c Massimo Ragnedda and Glenn W. Muschert. 
264 1 |a Abingdon, Oxon ;  |a New York, NY :  |b Routledge, an imprint of the Taylor & Francis Group,  |c 2018. 
300 |a vi, 211 pages ;  |c 24 cm. 
336 |a text  |b txt  |2 rdacontent 
337 |a unmediated  |b n  |2 rdamedia 
338 |a volume  |b nc  |2 rdacarrier 
490 1 |a Routledge advances in sociology 
504 |a Includes bibliographical references and index. 
650 0 |a Digital divide. 
650 7 |a Digital divide.  |2 fast  |0 (OCoLC)fst00893667 
700 1 |a Muschert, Glenn W.,  |e author. 
830 0 |a Routledge advances in sociology. 
852 0 0 |b leh  |h HM851  |i .R353 2018